Quizzes
Events
Quiz Creation
Community
Videos
Private Events
Remove Ads
Sign In
Join for FREE
Feedback
Dark Mode
Quiz Categories
Sports
Geography
Music
Movies
Television
Just For Fun
Miscellaneous
History
Literature
Language
Science
Gaming
Entertainment
Religion
Holiday
For Kids
Quiz Lab
Recent
Popular Today
Quiz Kudos Today
Editor Picks
Curator Picks
Quizzes by...
Day
Popularity
Type
Ratings
Length
Year
Community
Subscriptions
Recent Discussions
Orange Saloon
Badges
Playlists
Quests
Create
Leaderboards
Showdown
Live 5
Trivia Bingo
Activity
Puzzle Library
Sporcle Events
Private Events
Virtual Trivia
Globe League
Become a Host
Pub Owners
SporcleCon
Opinionation
Our Games
Videos
Blog
Mobile Apps
Partnerships
Remove Ads and Go Orange
Feedback
Science
Computer
Plants
Astronomy
Chemistry
Elements
Math
Animal
Physics
Anatomy
Biology
Geology
General Science
Science
Computer
Plants
Astronomy
Chemistry
Elements
Math
Animal
Physics
Anatomy
Biology
Geology
General Science
Random Quiz
Search Sporcle
×
Quiz Lab
Quiz Lab
Science
Biology
Type in answers that appear in a list
Type in answers that appear in a list
Classic
Best Score? Go Orange.
AP Biology: Chapter 2-5 Stats
Can you name the AP Biology: Chapter 2-5?
By
hpfanfic
15m
20 Questions
596 Plays
596 Plays
596 Plays
Comments
Comments
Give Quiz Kudos
Give Quiz Kudos
-
- Ratings
hide this ad
Replay
Link that replays current quiz
Next Quiz
Link to next quiz in quiz playlist
You Got
0%
They Got
Avg Score
50%
Avg Friend Score
Upgrade to see
Score Distribution
Jump to the score distribution portion of the page
Score
0/20
Timer
15:00
0
Plays Today
Description
Word
% Correct
A substance of two or more different elements
Compound
92.4%
Number of protons unique to an element
Atomic number
74.2%
Sharing of a pair of valence electrons by two atoms
Covalent bond
66.1%
When a hydrogen atom covalently bonds to an electronegative atom
Hydrogen bond
60.7%
Different number of neutrons in an atom
Isotope
59.5%
Outermost electrons in a valence shell
Valence electrons
59.5%
Transfer of an electron
Ionic bond
57.1%
Clinging of one water molecule to another water molecule
Cohesion
54.9%
Opposite ends of a molecule have opposite charges
Polar molecule
54.7%
Clinging of one substance to another
Adhesion
53.7%
Description
Word
% Correct
Measure of how difficult it is to stretch or break the surface of a liquid
Surface tension
48.5%
Required by an organism in small quantities
Trace elements
47.3%
Energy that matter possesses because of its location
Potential energy
46.1%
Sum of protons and neutron in an atom
Mass number
45.8%
Unit of measurement for atoms and subatomic particles
dalton
38.5%
Attraction of a particular kind of atom for the electrons of a covalent bond
Electronegativity
34.2%
Weak bond when atoms and molecules are close together
Van der waals interactions
32.9%
Energy of molecules
Kinetic energy
30.7%
Measures the intensity because of average kinetic energy
Temperature
26.9%
When nucleus decays spontaneously
Radioactive isotope
25.8%
Quiz Playlist
Details
Report
Send in Message
Add To Playlist
Classic:
Type in answers that appear in a list
Last Updated: Apr 28, 2017
Quiz Scoreboard
CHALLENGE
Sign Up to Join the Scoreboard
Show All
Scores
Hide
Comments
May contain spoilers
Recently Published
9x9 Crossword: Cartoon Network
by jackfrog10
Miscellaneous
3m
College Basketball Coaching Resumes
by pancakes188
Sports
9m
Billboard Blitz: Fleetwood Mac
by CooCooCachoo
Music
15s
More to Explore
Quiz From the Vault
Featured Blog Post
Where Did the Easter Bunny Come From?
hide this ad
You Might Also Like...
Tags
Biology Quiz
2-5
Chapter
description
Today's Top Quizzes in Science
Browse Science
hide this ad
Today's Top Quizzes in Biology
Browse Biology
Top Contributed Quizzes in Science
1
Quick Pick: Radians
2
Quick Pick: 'CI-CJ' Animals
3
The First 100 Digits of Pi
4
Elements In Images
5
One Thing in Common: Science
6
Science Jokes
7
One Thing in Common: Animals
8
One Thing in Common: Science II
9
Name the Acid, Base or Salt
10
One Thing in Common: Science III
Explore More
Trending Topics
Disney
NBA
Crossword
Marvel
Kpop
Anime
Harry Potter
WWE
Puzzle
Pokémon
Song
Soccer
Country
The Office
NFL
hide this ad
More By:
hpfanfic
Quiz
Plays
Rating
Category
Featured
Created
AP Biology: Chapter 2-5
596
3.00
Science
Oct 1, 2011
Ch. 44.4-44.5
1
Science
Oct 27, 2011
Go to Creator's Profile
Score Distribution
Quiz Creator Spotlight
hpfanfic
Follow
Send a Message
Quizzes Created
-
Created Quiz Play Count
-
More By This Creator
Popular Quizzes Today
1
Find the US States - No Outlines Minefield
2
Find the Countries of Europe - No Outlines Minefield
3
The Countries of the World
4
Find the US States
5
Risky Map Clicking: Biggest States A-Z
6
US States
7
Popular People in 1961
8
Movies - When Are They Set?
More Science Quizzes
Powers of Two Blitz
Curator's Pick
Trending Quizzes
Risky Map Clicking: Least Populous States A-Z
1-10 Letter G Words
Risky Map Clicking: Next State Alphabetically
Adjectives in 80s TV Shows
Risky Map Clicking: Biggest States A-Z
Recently Updated
Leaping Animals
pecheneg
Reality TV Shows (A-Z)
bhenderson79
Rickey Henderson's Hall of Fame Teammates
pecheneg
Champions League XIs: Arsenal
pecheneg
Quick Pick: Celebrities in WWE's Hall of Fame
aduchscher
A-Z Keypad Blitz II
pecheneg
Multiple Oscar Actors
pecheneg
Mystery Phrase Blitz: Oscar 'Best Actors'
pecheneg
F. Scott Fitzgerald Novels
LTH
Pick 3 Villains
ddd62291
Trending Topics
Marvel
Crossword
Anime
Kpop
Harry Potter
NBA
Disney
The Office
Pokémon
Soccer
WWE
Country
NFL
Song
Puzzle
Your Account Isn't Verified!
In order to create a playlist on Sporcle, you need to verify the email address you used during registration. Go to your
Sporcle Settings
to finish the process.
Report this User
Report this user for behavior that violates our
Community Guidelines
.
Details:
Send Report
Go to the Sporcle.com Mobile Site →
Comments